| 000 | 01059nam a22002537a 4500 | ||
|---|---|---|---|
| 005 | 20170124102942.0 | ||
| 010 | _aA-921814 | ||
| 020 |
_c300.00 _a817055585 |
||
| 035 | _aA-921814 | ||
| 037 | _bCen Lib/Ret | ||
| 040 |
_aDPL _bHN |
||
| 082 |
_a827 _bकोहली |
||
| 100 |
_aकोहली, नरेन्द्र _948744 |
||
| 245 |
_aत्राहि-त्राहि : _cनरेन्द्र कोहली _bसमग्र व्यंग्य-दो / |
||
| 246 |
_aTrahi-trahi : samagr vynagey-do / _bby Narendra Kohli |
||
| 260 |
_aनयी दिल्ली _bवाणी प्रकाशन _c1998 |
||
| 270 |
_a21-ए, दरियागंज _bनयी दिल्ली _e110002 |
||
| 300 |
_a654पृ. _c20सेमी (सजिल्द) |
||
| 650 |
_aहिन्दी -- साहित्य _948745 |
||
| 650 |
_aहिन्दी -- नाटक _91413 |
||
| 650 |
_aHindi - literature _948746 |
||
| 650 |
_aHindi -- Play _948747 |
||
| 942 |
_2ddc _cHN _h827 _mकोहली |
||
| 999 |
_c112689 _d112689 |
||